00518nam a2200133Ia 4500001000400000008004100004082002000045100002000065245021300085260003500298590000700333901002900340999001500369599241024s9999 xx 000 0 und d aRD/331.33/S693c aMyrna Somarriba 0aPrimero Aprendo, proyecto educativo para la niñez trabajado/ La Calidad Educativa La calidad educativa y su efecto en la retención escolar de los niños trabajadores beneficiarios en los proyectos piloto bManagua, Nicaragua/EMCORc2008 asi a18/11/2010 11:22:18 a.m. c9727d9727